Bionics

محفوظ في:
التفاصيل البيبلوغرافية
المؤلف الرئيسي: Marteka, Vincent (autor)
التنسيق: كتاب
اللغة:الإنجليزية
منشور في: Filadelfia J. B. Lippincott 1965
الموضوعات:
الوسوم: إضافة وسم
لا توجد وسوم, كن أول من يضع وسما على هذه التسجيلة!

MARC

LEADER 00000nam a2200000 a 4500
001 UCO9260
003 CL-VaPUC
008 010125e19650000US |||||||||||||||||eng|d
082 0 4 |a 003.5  |b MAR  |2 21 
100 |a Marteka, Vincent  |e autor  |9 454296 
245 1 0 |a Bionics 
300 |a 157 p 
942 |c BK 
945 |d 20010125 00:00:00  |a cmena 
260 |a Filadelfia  |b J. B. Lippincott  |c 1965 
650 0 |a Biónica  |9 411564 
650 0 |a Control automático  |9 259890 
650 0 |a Servomecanismos  |9 260343 
650 0 |a Circuitos electrónicos  |9 260204 
650 7 |a PRINCIPIOS CIENTIFICOS  |2 CL-VaPUC  |9 454297 
583 |a last modification  |c 20010125 00:00:00  |k Rodrigo Vera 
999 |c 293523  |d 293521